[Event "Tatry Open"]
[Site "Tatranske Zruby SVK"]
[Date "2011.09.29"]
[Round "6.31"]
[White "Obona,J"]
[Black "Badura,P"]
[Result "1-0"]
[WhiteElo "2151"]
[BlackElo "1862"]

1.Nf3 d5 2.c4 e6 3.g3 Nf6 4.Bg2 c5 5.O-O Be7 6.b3 Nc6 7.Bb2 d4 8.e3 e5 9.exd4 exd4
10.d3 O-O 11.Na3 Rb8 12.Nc2 a6 13.b4 b6 14.Qd2 h6 15.Rfe1 Bd6 16.b5 axb5
17.cxb5 Ne7 18.a4 Bc7 19.Na3 Bb7 20.Nc4 Ng6 21.Ba3 Re8 22.Rab1 Nd5 23.a5 Nc3
24.Rb3 Rxe1+ 25.Qxe1 Qf6 26.axb6 Bxb6 27.Nfd2 Bxg2 28.Kxg2 Nxb5 29.Qe4 Nc3
30.Qf3 Qg5 31.Kf1 Qd8 32.Ne4 Nxe4 33.Qxe4 Ba7 34.Rxb8 Qxb8 35.Kg2 Qc7 36.Bc1 Bb8
37.h4 Ne7 38.Bf4  1-0

[Event "8th Highlands Open"]
[Site "Zdar nad Sazavou CZE"]
[Date "2011.10.01"]
[Round "9"]
[White "Lorenc,O"]
[Black "Vospernik,A"]
[Result "0-1"]
[WhiteElo "2080"]
[BlackElo "2205"]

1.Nf3 d5 2.c4 e6 3.b3 dxc4 4.bxc4 Nf6 5.Bb2 Be7 6.g3 c5 7.Bg2 Nc6 8.O-O O-O
9.d3 a6 10.Nc3 Rb8 11.Qa4 Nd4 12.e3 Nxf3+ 13.Bxf3 Qc7 14.Qc2 h5 15.Qe2 h4
16.Rab1 Bd7 17.Rfc1 Bc6 18.Ne4 Nd7 19.gxh4 Ne5 20.Bxe5 Qxe5 21.Ng3 Bxh4 22.Bxc6 bxc6
23.f4 Qc7 24.Ne4 Be7 25.Qh5 Rb4 26.Re1 Rfb8 27.Qe5 Qd7 28.Rbd1 f6 29.Nxc5 Bxc5
30.Qxc5 e5 31.Kf2 Rb2+ 32.Kg3 Rg2+ 33.Kf3 Qg4+ 34.Ke4 Qg6+ 35.Kf3 e4+  0-1

[Event "World Amateur Chess Championship"]
[Site "Antalya TUR"]
[Date "2011.10.02"]
[Round "2"]
[White "Gokcen,F"]
[Black "Virkud,Apurva"]
[Result "1-0"]
[WhiteElo "1963"]
[BlackElo "1810"]

1.Nf3 d5 2.c4 e6 3.g3 Nf6 4.Bg2 dxc4 5.Qa4+ Nbd7 6.O-O a6 7.Nc3 Be7 8.Ne5 O-O
9.Nxc4 Nc5 10.Qc2 Rb8 11.b4 Ncd7 12.Rb1 Nb6 13.Na5 Nfd5 14.a3 Nxc3 15.dxc3 Bf6
16.Be4 h6 17.c4 Qe7 18.Be3 Rd8 19.Rbd1 Nd7 20.c5 Ne5 21.Rxd8+ Qxd8 22.Rd1 Qe7
23.c6 b6 24.Nb3 Ng4 25.Bc1 Be5 26.Qd2 Bd6 27.Bb2 f5 28.Bf3 Nf6 29.e4 e5 30.exf5 Bxf5
31.Re1 Qf7 32.Nc1 Re8 33.Qe2 a5 34.bxa5 bxa5 35.Qb5 Bh3 36.Bg2 Bxg2 37.Kxg2 Ng4
38.f3 Rf8 39.Qe2 Qd5 40.Qe4 Qb5 41.Re2 Nf6 42.Qc2 Qd5 43.Qb3 Qxb3 44.Nxb3 a4
45.Nd2 Re8 46.Nc4 Re6 47.Bxe5 Be7 48.Nb6 Rxc6 49.Nxa4 Bxa3 50.Nc3 Bb4 51.Ne4 Nxe4
52.fxe4 Be7 53.Kf3 Kf7 54.Rd2 Rc5 55.Bd4 Rc4 56.Bb2 c5 57.Rd7 g6 58.h4 Rc2
59.Rb7 c4 60.Kf4 Ke8 61.Bg7 h5 62.e5 c3 63.e6 Re2 64.Rb8+ Bd8 65.Bxc3 Rxe6
66.Ba5 Rf6+ 67.Ke4 Rd6 68.Ke5 Ke7 69.Bxd8+ Rxd8 70.Rxd8  1-0

[Event "1st Qinhuangdao Open"]
[Site "Qinhuangdao CHN"]
[Date "2011.10.02"]
[Round "3"]
[White "Xiu Deshun"]
[Black "Yu Lie"]
[Result "1-0"]
[WhiteElo "2540"]
[BlackElo "2416"]

1.Nf3 d5 2.c4 e6 3.g3 Nf6 4.Bg2 Be7 5.O-O Nbd7 6.b3 b6 7.Bb2 Bb7 8.Nc3 O-O
9.Rc1 c5 10.e3 Ne4 11.cxd5 Nxc3 12.Bxc3 Bxd5 13.Qe2 Nf6 14.d3 Bb7 15.e4 Qe8
16.Ne5 Nd7 17.Ng4 f6 18.Bh3 Rf7 19.f4 Rd8 20.Ne3 Nf8 21.Rcd1 Qc6 22.f5 exf5
23.Nxf5 Bc8 24.Bg2 Qc7 25.e5 fxe5 26.Bxe5 Qd7 27.Bxg7 Rxg7 28.Qe5 Ne6 29.Bd5 Bf6
30.Qxf6 Qxd5 31.Qxg7+ Nxg7 32.Ne7+ Kh8 33.Nxd5 Nf5 34.Rde1 Kg7 35.Ne7 Nxe7
36.Rxe7+ Kg6 37.Rf3 Bg4 38.Rfe3 Bf5 39.Rxa7 Rd6 40.Kf2 Bxd3 41.g4 c4 42.bxc4 Bxc4
43.Kg3 h5 44.gxh5+ Kxh5 45.a3 Rg6+ 46.Kf2 Rf6+ 47.Rf3 Rd6 48.Rg7 Rd2+ 49.Ke3 Re2+
50.Kd4 Be6 51.Re3 Rd2+ 52.Kc3 Rd6 53.Reg3 Rc6+ 54.Kb2 Kh6 55.R7g6+ Kh5 56.R3g5+  1-0

[Event "20th TCh-CRO 1a"]
[Site "Sibenik CRO"]
[Date "2011.10.05"]
[Round "2.4"]
[White "Markus,Rob"]
[Black "Sulava,N"]
[Result "1/2-1/2"]
[WhiteElo "2635"]
[BlackElo "2540"]

1.Nf3 d5 2.c4 e6 3.b3 Nf6 4.g3 a5 5.Bb2 a4 6.Na3 Be7 7.Bg2 O-O 8.O-O Nbd7
9.Qc2 c6 10.d4 Ne4 11.Ne1 f5 12.Nd3 Bd6 13.b4 f4 14.Nxf4 Bxf4 15.gxf4 Rxf4
16.f3 Ng5 17.e3 Rh4 18.Qf2 Nh3+ 19.Bxh3 Rxh3 20.Kh1 Qf8 21.Bc3 Nf6 22.Qg2 Rh6
23.Rg1 Bd7 24.Raf1 Be8 25.Be1 Bg6 26.Qe2 Qf7 27.Bg3 Rf8 28.Bd6 Rd8 29.Be5 Bh5
30.Qg2 Rg6 31.Qh3 Rf8 32.Bd6 Rxg1+ 33.Kxg1 Re8 34.Qg3 Bg6 35.c5 Nh5 36.Qg2 Qf5
37.Nb1 Nf6 38.Nc3 Qd3 39.Nd1 Nd7 40.Qb2 Bh5 41.Qg2 Nf8 42.Qg5 Bxf3 43.Rxf3 Qxd1+
44.Rf1 Qd3 45.Bxf8 Rxf8 46.Rxf8+ Kxf8 47.Qd8+ Kf7 48.Qc7+ Kf6 49.Qe5+ Kf7
50.Qc7+  1/2-1/2

[Event "1st Qinhuangdao Open"]
[Site "Qinhuangdao CHN"]
[Date "2011.10.06"]
[Round "8"]
[White "Zhou Weiqi"]
[Black "Wang Chen"]
[Result "1-0"]
[WhiteElo "2598"]
[BlackElo "2454"]

1.Nf3 d5 2.c4 e6 3.d4 Nf6 4.Nc3 Nbd7 5.Bg5 c6 6.e3 Qa5 7.cxd5 exd5 8.Bd3 Ne4
9.O-O Nxg5 10.Nxg5 Nf6 11.Qc2 h6 12.Nf3 Bd6 13.h3 Be6 14.a3 O-O 15.Rfc1 Rfc8
16.Na4 Nd7 17.b4 Qd8 18.Nc5 Rc7 19.Nxe6 fxe6 20.e4 Nf8 21.Qb3 a6 22.Re1 Rf7
23.Bc2 Bc7 24.Qd3 Qf6 25.e5 Qe7 26.g3 b6 27.Nh4 Qg5 28.Rf1 c5 29.f4 Qd8 30.Ng6 c4
31.Qf3 Nxg6 32.Bxg6 Rf8 33.Qg4 Qd7 34.f5 exf5 35.Bxf5  1-0

[Event "World Amateur Chess Championship"]
[Site "Antalya TUR"]
[Date "2011.10.07"]
[Round "6"]
[White "Gokcen,F"]
[Black "Avci,A"]
[Result "0-1"]
[WhiteElo "1963"]
[BlackElo "1838"]

1.Nf3 d5 2.c4 c6 3.b3 Nf6 4.Bb2 Bg4 5.e3 e6 6.h3 Bh5 7.Be2 Bd6 8.O-O Nbd7
9.Nc3 O-O 10.Rc1 Rc8 11.Rc2 Re8 12.Qa1 Bb8 13.cxd5 exd5 14.Rfc1 Qe7 15.d3 Rcd8
16.a4 Ne5 17.Ba3 Nxf3+ 18.gxf3 Qe5 19.f4 Qf5 20.Kg2 Bxe2 21.Nxe2 Qxd3 22.Ng3 Qg6
23.Kf3 Ne4 24.Ne2 Re6 25.Ng1 Qh5+ 26.Kg2 Rde8 27.Qd4 Rg6+ 28.Kf1 Ree6 29.f5 Qxf5
30.Qb4 Bd6 31.Qxb7 Bxa3 32.Qc8+ Bf8 33.Qb8 Nxf2 34.Rxf2 Qd3+ 35.Ne2 Qxe3
36.Qf4 Qxh3+ 37.Ke1 Bb4+ 38.Qxb4 Rg1+ 39.Kd2 Qe3+ 40.Kc2 Rxc1+ 41.Kb2 Rd1
42.Qb8+ Re8 43.Qh2 Rd2+ 44.Ka3 Qc5+  0-1

[Event "20th TCh-CRO 1b"]
[Site "Sibenik CRO"]
[Date "2011.10.07"]
[Round "4.2"]
[White "Vrhovnik,D"]
[Black "Zovko,Mari"]
[Result "1/2-1/2"]
[WhiteElo "2074"]
[BlackElo "2235"]

1.Nf3 d5 2.c4 e6 3.g3 c5 4.Bg2 Nc6 5.O-O Nf6 6.e3 Be7 7.b3 O-O 8.Bb2 b6 9.Qe2 Bb7
10.d4 Rc8 11.Rd1 cxd4 12.Nxd4 Nxd4 13.Bxd4 Qc7 14.Nd2 Rfd8 15.Bb2 dxc4 16.Nxc4 Bxg2
17.Kxg2 Rxd1 18.Rxd1 Rd8 19.Rxd8+ Qxd8 20.Ne5 Bd6  1/2-1/2

[Event "Mitropa Cup"]
[Site "Merlimont FRA"]
[Date "2011.10.08"]
[Round "1"]
[White "Zueger,B"]
[Black "Collas,D"]
[Result "1/2-1/2"]
[WhiteElo "2426"]
[BlackElo "2403"]

1.Nf3 d5 2.c4 dxc4 3.e3 Nf6 4.Bxc4 a6 5.d4 e6 6.O-O c5 7.dxc5 Bxc5 8.Qxd8+ Kxd8
9.Nbd2 Ke7 10.Be2 Rd8 11.b3 Nbd7 12.Bb2 b5  1/2-1/2

[Event "20th TCh-CRO 1a"]
[Site "Sibenik CRO"]
[Date "2011.10.09"]
[Round "6.3"]
[White "Ramesa,D"]
[Black "Erdos,V"]
[Result "0-1"]
[WhiteElo "2314"]
[BlackElo "2608"]

1.Nf3 d5 2.c4 d4 3.e3 Nc6 4.d3 e5 5.Be2 Bb4+ 6.Nbd2 dxe3 7.fxe3 e4 8.dxe4 Nf6
9.O-O Qe7 10.Nd4 Bd7 11.Bf3 O-O-O 12.Qe2 Ne5 13.Nf5 Bxf5 14.exf5 g5 15.fxg6 hxg6
16.Rd1 g5 17.a3 Bd6 18.g3 Nxf3+ 19.Nxf3 Ne4 20.Bd2 Rh3 21.Be1 Rdh8 22.Kg2 g4
23.Nh4 R8xh4 24.gxh4 Rxh2+  0-1

[Event "Belgrade Premier League 2011"]
[Site "Belgrade SRB"]
[Date "2011.10.10"]
[Round "9.2"]
[White "Asik,J"]
[Black "Radusinovic,L"]
[Result "1/2-1/2"]
[WhiteElo "2308"]
[BlackElo "2308"]

1.Nf3 d5 2.c4 c6 3.e3 Nf6 4.Nc3 e6 5.b3 Bd6 6.Bb2 O-O 7.Be2 Nbd7 8.Qc2 Re8
9.O-O Nf8 10.d4 Ng6 11.Rfd1 b6 12.e4 dxe4 13.Nxe4 Nxe4 14.Qxe4 Bb7 15.Ne5 Qc7
16.Bc3 Nxe5 17.dxe5 Be7 18.Rd3  1/2-1/2

[Event "20th TCh-CRO 1b"]
[Site "Sibenik CRO"]
[Date "2011.10.10"]
[Round "7.5"]
[White "Mrdja,M"]
[Black "Galic,I2"]
[Result "1/2-1/2"]
[WhiteElo "2402"]
[BlackElo "2354"]

1.Nf3 d5 2.c4 c6 3.cxd5 cxd5 4.d4 Nf6 5.Nc3 e6 6.e3 Nc6 7.Bb5 Bd7 8.O-O Bd6
9.Bxc6 Bxc6 10.Ne5 Bxe5 11.dxe5  1/2-1/2

[Event "ch-UKR w 2011"]
[Site "Poltava UKR"]
[Date "2011.10.11"]
[Round "5.10"]
[White "Rudakova,Z"]
[Black "Sharovskaya,O"]
[Result "0-1"]
[WhiteElo "1986"]
[BlackElo "1957"]

1.Nf3 d5 2.c4 c6 3.b3 Nf6 4.Bb2 Bf5 5.g3 e6 6.Bg2 h6 7.O-O Bd6 8.d3 O-O 9.Nbd2 Bh7
10.e4 dxe4 11.dxe4 Bxe4 12.Bxf6 Bxf3 13.Nxf3 gxf6 14.Nh4 f5 15.Qd2 Be5 16.Rad1 Qxd2
17.Rxd2 Na6 18.a3 Rad8 19.Rfd1 Bf6 20.b4 Rxd2 21.Rxd2 Rd8 22.Rxd8+ Bxd8 23.Nf3 Bf6
24.Ne1 Nb8 25.a4 b6 26.Nd3 Bc3 27.f4 c5 28.b5 a6 29.Kf2 axb5 30.axb5 Nd7
31.Ke2 Nf6 32.Nc1 Kf8 33.Kd3 Bd4 34.Ne2 Bf2 35.Nc3 Be1 36.Na4 Ba5 37.Nb2 Ng4
38.h3 Nf6 39.Ke2 Ke7 40.Bc6 Kd6 41.Bf3 h5 42.Nd3 Bc3 43.Ke3 Bd4+ 44.Ke2 Ne4
45.g4 hxg4 46.hxg4 Ng3+ 47.Ke1 fxg4 48.Bxg4 f6 49.Nc1 Be3 50.Nd3 Ke7 51.Bh3 f5
52.Bg2 Nh5 53.Ne5 Nxf4 54.Bc6 Bd4 55.Nd7 Bc3+ 56.Kd1 Ba5 57.Kc2 Kd6 58.Kb3 Ne2
59.Kb2 Nd4 60.Nf8 e5 61.Ng6 e4 62.Nh4 e3 63.Bf3 f4  0-1

[Event "US Chess League 2011"]
[Site "ICC INT"]
[Date "2011.10.12"]
[Round "7"]
[White "Korley,K"]
[Black "Enkhbat,T1"]
[Result "1-0"]
[WhiteElo "2350"]
[BlackElo "2364"]

1.Nf3 d5 2.c4 c6 3.d4 Nf6 4.Nc3 a6 5.g3 dxc4 6.Bg2 b5 7.Ne5 Bb7 8.O-O e6
9.a4 Nd5 10.e4 Nxc3 11.bxc3 Nd7 12.f4 Be7 13.Rb1 Nxe5 14.fxe5 O-O 15.Qg4 Kh8
16.axb5 axb5 17.h4 c5 18.Rxb5 Bc6 19.Rb2 cxd4 20.Rbf2 d3 21.Rxf7 Rxf7 22.Rxf7 Bf8
23.Qxe6 Ra1 24.Rf1 Bc5+ 25.Kh2 Rxc1 26.Rxc1 Ba4 27.Qxc4 Be3 28.Ra1  1-0

[Event "Indonesia Open"]
[Site "Jakarta INA"]
[Date "2011.10.13"]
[Round "1.30"]
[White "Dimakiling,O"]
[Black "Panggabean,H"]
[Result "1-0"]
[WhiteElo "2414"]
[BlackElo "2199"]

1.Nf3 d5 2.c4 c6 3.e3 Nf6 4.Nc3 e6 5.Qc2 Bd6 6.b3 Nbd7 7.Bb2 O-O 8.h3 e5
9.cxd5 cxd5 10.Nb5 Bb8 11.Rc1 a6 12.Nc7 Bxc7 13.Qxc7 Qxc7 14.Rxc7 Ne8 15.Rc2 f6
16.Be2 Nb6 17.d4 e4 18.Nd2 Be6 19.Nb1 f5 20.a4 Rc8 21.Nc3 Rf7 22.Kd2 Rfc7
23.Ba3 Nd7 24.g4 g6 25.Rg1 Kh8 26.Rcc1 Ndf6 27.a5 f4 28.g5 f3 29.gxf6 fxe2
30.Be7 Kg8 31.Rc2 Bxh3 32.Bc5 Nxf6 33.Nxe2 Be6 34.Rg5 Kf7 35.Nf4 Bf5 36.Rc1 h6
37.Rg2 g5 38.Ne2 Bg4 39.Nc3 Be6 40.b4 Bd7 41.Rh1 Kg6 42.Rg3 Be6 43.Na4 Rf7
44.Rhg1 Rc6 45.Nc3 Nh5 46.R3g2 Rf5 47.b5 Rc7 48.bxa6 bxa6 49.Rb1 Rc6 50.Rb6 Rxb6
51.axb6 Bc8 52.Bd6 Bb7 53.Na4 Rf6 54.Bc7 Ng7 55.Nc5 Bc8 56.Rg1 Ne8 57.Bd8 Rxf2+
58.Kc3 Nd6 59.Rb1 Rf7 60.Rb4 g4 61.Rb1 h5 62.Bc7 Nc4 63.Nxe4 dxe4 64.Kxc4  1-0

[Event "Indonesia Open"]
[Site "Jakarta INA"]
[Date "2011.10.14"]
[Round "2.4"]
[White "Nguyen Van Huy"]
[Black "So,W"]
[Result "1/2-1/2"]
[WhiteElo "2449"]
[BlackElo "2655"]

1.Nf3 d5 2.c4 d4 3.g3 Nc6 4.Bg2 e5 5.d3 Bb4+ 6.Bd2 a5 7.Na3 Nf6 8.Nc2 O-O
9.O-O Re8 10.Nxb4 axb4 11.Bg5 h6 12.Bxf6 Qxf6 13.Nd2 Qe7 14.Qb3 Bg4 15.Rfe1 Ra6
16.a3 bxa3 17.Rxa3 Rb6 18.Qc2 Nb4 19.Qc1 c5 20.e3 Ra6 21.Qb1 Qd7 22.exd4 cxd4
23.Rb3 Ra4 24.Qc1 Na2 25.Qc2 Nb4 26.Qc1 Qc7 27.Nb1 b6 28.Qd2 Na6 29.Ra3 Qd7
30.b3 Rxa3 31.Nxa3 Bf5 32.b4 Qa4 33.Nc2 Qb3 34.Nxd4 Qxd3 35.Qxd3 Bxd3 36.Nc6 Bxc4
37.Rxe5 Kf8 38.Bf1 Bxf1 39.Kxf1 Rc8 40.b5 Nc7 41.Nd4 Rd8 42.Nc6 Rd1+ 43.Ke2 Rb1
44.Re7 Nxb5 45.Rb7 f6 46.Kd3 Rd1+ 47.Ke3 Nd6 48.Rxb6 Nc4+ 49.Ke2 Rd2+ 50.Ke1 Rd6
51.Rb8+ Kf7 52.Rb7+ Ke6 53.Nb4 g5 54.h3 Kf5 55.Nc2 Ke4 56.Ne3 Nxe3 57.Re7+ Kf3
58.Rxe3+ Kg2 59.g4 Rd4 60.Rg3+ Kh2 61.Ke2 Re4+ 62.Kf1 Rf4 63.Ra3 f5 64.Rg3 Ra4
65.gxf5 Rf4 66.h4 gxh4 67.Rg6 Rxf5 68.Rxh6 h3 69.Rg6 Rf7 70.Rg4 Rf3 71.Ke2 Ra3
72.Rg5 Ra4 73.Rg6 Kh1 74.Rg3 Ra2+ 75.Kf1 Ra1+ 76.Ke2 h2 77.Rg8 Ra4 78.Rg7 Re4+
79.Kf1 Re8 80.Rg6 Rd8 81.Rg7 Rd1+ 82.Ke2 Rg1 83.Rh7 Rg2 84.Kf1 Rxf2+  1/2-1/2

[Event "Chigorin Memorial Open"]
[Site "St Petersburg RUS"]
[Date "2011.10.14"]
[Round "1.66"]
[White "Kopylov,Al2"]
[Black "Tkachev,I"]
[Result "1/2-1/2"]
[WhiteElo "2444"]
[BlackElo "2074"]

1.Nf3 d5 2.c4 Nf6 3.cxd5 Nxd5 4.g3 c5 5.Bg2 Nc6 6.Nc3 Nc7 7.a3 g6 8.Ne4 e5
9.d3 f5 10.Bg5 Be7 11.Bxe7 Qxe7 12.Nc3 O-O 13.e3 Be6 14.O-O Rad8 15.Qc2 c4
16.dxc4 Bxc4 17.Rfc1 Be6 18.Na4 e4 19.Ne1 Na6 20.b4 Ne5 21.Bf1 Rc8 22.Qb2 Qf6
23.Kg2 Nc7 24.Nc5 Bd5 25.Rd1 g5 26.Rxd5 Nxd5 27.Rd1 Ne7 28.Nxb7 Nf3 29.Qa2+ Kh8
30.Nc2 Rc6 31.Nc5 Qh6 32.Qb2+ Qg7 33.Qxg7+ Kxg7 34.Rd7 Rf7 35.Rxa7 g4 36.Bc4 Rh6
37.Bxf7 Rxh2+ 38.Kf1 Kxf7 39.Nb3 Kf6 40.Nbd4 Nd5 41.Ra6+ Kf7 42.Rc6 Nxe3+
43.fxe3 Rh1+ 44.Ke2 Rh2+ 45.Kf1 Rh1+ 46.Ke2 Rh2+  1/2-1/2

[Event "TCh-ROU Superliga 2011"]
[Site "Brasov ROU"]
[Date "2011.10.15"]
[Round "8.2"]
[White "Filip,L"]
[Black "Dobre,ClC"]
[Result "0-1"]
[WhiteElo "2483"]
[BlackElo "2344"]

1.Nf3 d5 2.c4 c6 3.d4 Nf6 4.Nc3 e6 5.g3 Nbd7 6.Bg2 dxc4 7.a4 Be7 8.O-O O-O
9.e4 e5 10.dxe5 Ng4 11.Bf4 Qa5 12.e6 fxe6 13.Qe2 Nge5 14.Nxe5 Nxe5 15.Bxe5 Qxe5
16.Kh1 g5 17.Rad1 b6 18.f4 gxf4 19.gxf4 Rxf4 20.Rxf4 Qxf4 21.e5 Ba6 22.Bxc6 Rf8
23.Be4 Bc5 24.Qh5 Qf7 25.Qh3 Kh8 26.Ne2 Bb7 27.Qg2 Rg8 28.Ng3 Bxe4 29.Qxe4 Rxg3  0-1

[Event "TCh-AUT 2 Ost 2011-12"]
[Site "Bruck AUT"]
[Date "2011.10.16"]
[Round "2"]
[White "Baumegger,S"]
[Black "Lipka,J"]
[Result "1/2-1/2"]
[WhiteElo "2419"]
[BlackElo "2443"]

1.Nf3 d5 2.c4 c6 3.e3 Nf6 4.Nc3 g6 5.d4 Bg7 6.cxd5 cxd5 7.Bb5+ Nc6 8.Ne5 Bd7
9.Qa4 Qc7 10.Nxd7 Qxd7 11.Bxc6 bxc6 12.O-O O-O 13.b3 Rfe8 14.Bb2 Qb7 15.Rac1 Nd7
16.Qa5 Qb6 17.Qa3 Bf8 18.Na4 Qb7 19.Bc3 e6 20.Qb2 Rec8 21.Qd2 Qb5 22.Rc2 Ba3
23.Ba1 Be7 24.Bb2 a5 25.Rfc1 Ra6 26.Nc3 Qb7 27.Qd3 Raa8 28.Na4 Qa6 29.Qxa6 Rxa6
30.Kf1 Bd6 31.Ke2 f5 32.h3 h5 33.g4 fxg4 34.hxg4 hxg4 35.Rg1 Nf6 36.Nc5 Bxc5
37.dxc5 Kf7 38.Bxf6 Kxf6 39.Rxg4 Rb8 40.Rc1 Rb5 41.Rcg1 Rxc5 42.Rxg6+ Ke7
43.Kd3 Rb5 44.Rh6 a4 45.bxa4 Rxa4 46.Rgg6 Ra3+ 47.Ke2 Rxa2+ 48.Kf3 Rc5 49.Rxe6+ Kd7
50.Ref6 Kc7 51.Kg4 Ra4+ 52.f4 Re4 53.Re6 Rec4 54.Kg5 Ra5  1/2-1/2

[Event "TCh-AUT 2 Ost 2011-12"]
[Site "Bruck AUT"]
[Date "2011.10.16"]
[Round "2"]
[White "Krpelan,W"]
[Black "Liedl,W"]
[Result "1/2-1/2"]
[WhiteElo "2257"]
[BlackElo "2224"]

1.Nf3 d5 2.c4 c6 3.Qb3 Nf6 4.g3 e6 5.Bg2 Be7 6.O-O O-O 7.d4 Nbd7 8.Nc3 Qc7
9.Bf4 Bd6 10.Bxd6 Qxd6 11.Rad1 a5 12.c5 Qc7 13.Na4 Re8 14.Rd3 Rb8 15.Rc1 b5
16.cxb6 Nxb6 17.Nxb6 Rxb6 18.Qa3 Ba6 19.Rd2 Qb7 20.Ne5 Bb5 21.Rdc2 Nd7 22.Nxd7 Qxd7
23.e3 g6 24.b3 a4 25.Qc5 axb3 26.Qxb6 bxc2 27.Rxc2 Ra8 28.Bf1 Qa7 29.Qxa7 Rxa7
30.Rb2  1/2-1/2

[Event "III Curitiba ITT"]
[Site "Curitiba BRA"]
[Date "2011.10.16"]
[Round "5"]
[White "Santiago,Y"]
[Black "Palozi,P"]
[Result "0-1"]
[WhiteElo "2314"]
[BlackElo "2256"]

1.Nf3 d5 2.c4 c6 3.e3 Nf6 4.Nc3 g6 5.d4 Bg7 6.Be2 O-O 7.O-O a6 8.c5 Nbd7
9.Rb1 Qc7 10.b4 e5 11.dxe5 Nxe5 12.Nd4 Bg4 13.f3 Be6 14.f4 Nc4 15.Bxc4 dxc4
16.Nxe6 fxe6 17.Qc2 Nd5 18.Ne2 b5 19.cxb6 Nxb6 20.e4 Rfd8 21.Be3 Rd3 22.Bxb6 Qxb6+
23.Kh1 Qe3 24.Ng3 Bc3 25.Qa4 Qb6 26.f5 exf5 27.exf5 Re8 28.Rf4 Rde3 29.Rbf1 Qb5
30.Qc2 g5 31.Rg4 Qd5 32.f6 Kh8 33.Qf2 Re1 34.f7 Rxf1+ 35.Qxf1 Rf8 36.Qxc4 Bf6
37.Qe2 Qxf7 38.Qxa6 h5 39.Re4 h4 40.Ne2 Bd4 41.Nf4 Bg7 42.Qxc6 gxf4 43.Re2 Rd8
44.Kg1 Rd1+ 45.Kf2 Bd4+ 46.Kf3 Qh5+  0-1

[Event "TCh-FIN SM-Liiga 2011-12"]
[Site "Espoo FIN"]
[Date "2011.10.16"]
[Round "4.3"]
[White "Virtanen,A"]
[Black "Lehtivaara,P"]
[Result "1-0"]
[WhiteElo "2348"]
[BlackElo "2342"]

1.Nf3 d5 2.c4 e6 3.d4 f5 4.Nc3 Nf6 5.Bf4 c6 6.e3 Bd6 7.Be2 O-O 8.O-O Bxf4
9.exf4 dxc4 10.Bxc4 Qd6 11.g3 Nbd7 12.Re1 Nb6 13.Bb3 h6 14.Ne5 Nbd5 15.Rc1 Rd8
16.Qe2 Qb4 17.Red1 Qe7 18.Re1 Qb4 19.Na4 Nc7 20.Nc5 Rxd4 21.Ned3 Qa5 22.Qe5 Rd5
23.Bxd5 Nfxd5 24.b4 Qb6 25.a3 a5 26.Rb1 axb4 27.axb4 Qb5 28.Red1 b6 29.Nb3 Ra3
30.Qb2 Qa6 31.Ra1 Rxa1 32.Nxa1 Qa4 33.Nb3 Ba6 34.Ra1 Qb5 35.Ne5 Qxb4 36.Nxc6 Qe4
37.Qe5 Qc4 38.Ncd4 Nc3 39.Re1 Bb7 40.Nxe6 Nxe6 41.Qxe6+ Qxe6 42.Rxe6 b5 43.Nd4 Bd5
44.Rb6 Bc4 45.Nxf5 Nd5 46.Rb7 b4 47.Ne3  1-0

[Event "Indonesia Open"]
[Site "Jakarta INA"]
[Date "2011.10.16"]
[Round "4.16"]
[White "Nguyen Van Huy"]
[Black "Aris,T"]
[Result "1-0"]
[WhiteElo "2449"]
[BlackElo "2222"]

1.Nf3 d5 2.c4 c6 3.e3 Nf6 4.Nc3 e6 5.b3 Nbd7 6.Qc2 Bd6 7.Bb2 O-O 8.Be2 Re8
9.O-O a6 10.d4 b5 11.Rfe1 Qe7 12.e4 dxe4 13.Nxe4 Nxe4 14.Qxe4 Nf6 15.Qh4 Ba3
16.Bxa3 Qxa3 17.c5 a5 18.Qf4 a4 19.bxa4 Rxa4 20.Bd1 Ra7 21.Bb3 Rd8 22.Re3 Qb2
23.Rae1 Rad7 24.R3e2 Qc3 25.h3 Qa5 26.Qh4 Qc7 27.Rd2 Nd5 28.Ne5 Re7 29.Nxc6 Qxc6
30.Bxd5 Qc7 31.Bc6 f6 32.Qe4 Qa5 33.Red1 b4 34.d5 Qxc5 35.d6 Rf7 36.d7 Ba6
37.Qxe6 Bc4 38.Bd5 Bxd5 39.Rxd5 Qe7 40.Qb6 h6 41.Rd6 f5 42.Qxb4 f4 43.Qb3 f3
44.g3 Kh8 45.Re6 Qf8 46.Re3  1-0

[Event "5th SPICE Cup GpC"]
[Site "Lubbock USA"]
[Date "2011.10.16"]
[Round "3"]
[White "Altounian,L"]
[Black "Troff,Kayden W"]
[Result "1-0"]
[WhiteElo "2429"]
[BlackElo "2306"]

1.Nf3 d5 2.c4 c6 3.d4 Nf6 4.Qc2 e6 5.g3 Bd6 6.Bg2 b6 7.O-O Bb7 8.Nc3 O-O
9.e4 dxe4 10.Ng5 Be7 11.Rd1 Nbd7 12.Ngxe4 Nxe4 13.Nxe4 Nf6 14.Bf4 h6 15.Nxf6+ Bxf6
16.c5 Qd7 17.Be5 Be7 18.Qb3 b5 19.Qc3 Rad8 20.a4 a6 21.h4 g5 22.axb5 axb5
23.hxg5 hxg5 24.Qd3 Ra8 25.Rxa8 Rxa8 26.g4 Qe8 27.Qf3 Qf8 28.Bf6 Re8 29.Rd3 Bxf6
30.Qxf6 Qg7 31.Qe5 f6 32.Qd6 Qe7 33.Qh2 Ra8 34.Be4 Qg7 35.Qd6 Qf7 36.Rh3 f5
37.gxf5 exf5 38.Qe5 Qg7 39.Qe6+ Kf8 40.Qxf5+ Qf7 41.Rh8+  1-0

[Event "Chigorin Memorial Open"]
[Site "St Petersburg RUS"]
[Date "2011.10.16"]
[Round "3.117"]
[White "Karaseva,J"]
[Black "Kantyshev,N"]
[Result "0-1"]
[WhiteElo "2030"]
[BlackElo "1833"]

1.Nf3 d5 2.c4 e6 3.g3 Nf6 4.Bg2 dxc4 5.Qa4+ Bd7 6.Qxc4 Bc6 7.O-O Bd6 8.b3 O-O
9.Bb2 Nbd7 10.d3 Rc8 11.Nbd2 Re8 12.Rac1 e5 13.Rfd1 h6 14.e3 Nb6 15.Qc2 Qe7
16.Nc4 Nxc4 17.dxc4 Be4 18.Qe2 b6 19.Nh4 Bxg2 20.Nf5 Qe6 21.Nxd6 Qh3 22.f3 Bxf3
23.Qxf3 cxd6 24.Rxd6 Ng4 25.Qe2 Re6 26.Rcd1 Rc6 27.Rd8+ Kh7 28.R8d2 Rf6 29.Qd3+ g6
30.Qe4 Rcd6 31.Qg2 Qxg2+ 32.Kxg2 Nxe3+  0-1

[Event "Chigorin Memorial Open"]
[Site "St Petersburg RUS"]
[Date "2011.10.16"]
[Round "3.80"]
[White "Solovyov,V"]
[Black "Irinchinov,V"]
[Result "1-0"]
[WhiteElo "2312"]
[BlackElo "2050"]

1.Nf3 d5 2.c4 e6 3.d4 Nf6 4.g3 Nbd7 5.Bg2 c6 6.Qc2 Bd6 7.O-O O-O 8.Nbd2 Re8
9.b3 Qe7 10.Bb2 Ba3 11.Rfe1 Bxb2 12.Qxb2 e5 13.cxd5 Nxd5 14.Nxe5 Nxe5 15.Bxd5 Nd3
16.Bxf7+ Kxf7 17.exd3 Qxe1+ 18.Rxe1 Rxe1+ 19.Kg2 Be6 20.Qc3 Bd5+ 21.Ne4 Bxe4+
22.dxe4 Rxe4 23.Qf3+  1-0

[Event "Chigorin Memorial Open"]
[Site "St Petersburg RUS"]
[Date "2011.10.16"]
[Round "3.28"]
[White "Burmakin,V"]
[Black "Ovod,E"]
[Result "1-0"]
[WhiteElo "2588"]
[BlackElo "2408"]

1.Nf3 d5 2.c4 c6 3.d4 Nf6 4.Qb3 Qb6 5.Nc3 Be6 6.c5 Qc7 7.Bf4 Qc8 8.h3 g6
9.e3 Bg7 10.Be2 O-O 11.O-O Ne4 12.Rfc1 Nd7 13.Qd1 h6 14.b4 g5 15.Bh2 f5 16.Ne1 Qe8
17.Rab1 a6 18.f4 Ndf6 19.Nd3 g4 20.Qe1 Nxc3 21.Rxc3 Ne4 22.Rc2 Qg6 23.g3 gxh3
24.Bf1 Qg4 25.Nf2 Nxf2 26.Rxf2 Bd7 27.a4 h5 28.Be2 Qg6 29.Qf1 Kf7 30.Qxh3 Rh8
31.Kh1 Rh6 32.Rb3 Rah8 33.Qg2 Qe6 34.Bf3 Rg6 35.b5 axb5 36.axb5 h4 37.g4 Rxg4
38.Bxg4 fxg4 39.f5 Qe4 40.Qxe4 dxe4 41.bxc6 Bxc6 42.Be5 g3 43.Rf4 Bf6 44.Bxf6 Kxf6
45.Rb1 h3 46.Rg4 g2+ 47.Kh2 Kxf5 48.Rg3 e5 49.dxe5 Kxe5 50.Rxh3 Rxh3+ 51.Kxh3 Kd5
52.Rc1 Bb5 53.Kxg2 Bc4 54.Rb1 Ba6 55.Kg3 Kxc5 56.Kf4 b5 57.Kxe4 b4 58.Rc1+ Bc4
59.Rc2 b3 60.Rb2 Bd5+ 61.Kd3 Kb4 62.Kd4 Bf3 63.Rd2 Ba8 64.Rh2 Bf3 65.Kd3 Bd1
66.Rh4+ Kc5 67.Kc3 Bc2 68.Rd4 Kc6 69.e4 Kc5 70.e5 Bf5 71.Rd6 Bc2 72.Rd8 Bf5
73.Kxb3 Be6+ 74.Kc3 Bf5 75.Kd2 Kc6 76.Rd6+ Kc7 77.Ke3  1-0

[Event "Indonesia Open"]
[Site "Jakarta INA"]
[Date "2011.10.18"]
[Round "8.11"]
[White "Nguyen Van Huy"]
[Black "Paragua,M"]
[Result "1/2-1/2"]
[WhiteElo "2449"]
[BlackElo "2533"]

1.Nf3 d5 2.c4 c6 3.e3 Nf6 4.Nc3 e6 5.b3 Bd6 6.Bb2 O-O 7.Qc2 Nbd7 8.Be2 b6
9.O-O Bb7 10.d4 Qe7 11.Rad1 Rad8 12.Rfe1 Rfe8 13.Bf1 h6 14.g3 c5 15.cxd5 cxd4
16.Nxd4 Nxd5 17.Nxd5 Bxd5 18.Nf5 exf5 19.Rxd5 Be5 20.Bg2 Bxb2 21.Qxb2 Nc5
22.Red1 Ne4 23.Bxe4 fxe4 24.Qd4 Rxd5 25.Qxd5 g6 26.Qd7 Kg7 27.Qd4+ Kg8 28.Qd7 Kg7
29.Qd4+ Kg8 30.Qd7 Kg7  1/2-1/2

[Event "Chigorin Memorial Open"]
[Site "St Petersburg RUS"]
[Date "2011.10.18"]
[Round "5.82"]
[White "Shmoilov,Dmitry"]
[Black "Tarasova,Viktoriy"]
[Result "0-1"]
[WhiteElo "1998"]
[BlackElo "2275"]

1.Nf3 d5 2.c4 c6 3.g3 Bg4 4.Bg2 e6 5.cxd5 exd5 6.Qb3 Qc7 7.d4 Bd6 8.Nc3 Nf6
9.Bg5 Nbd7 10.O-O O-O 11.Rac1 a6 12.e3 Rfe8 13.Bf4 Bxf4 14.gxf4 Nb6 15.Ne5 Be6
16.Qc2 g6 17.f3 Nh5 18.Qf2 f6 19.Ng4 Qe7 20.Rfe1 Kh8 21.Qh4 Nd7 22.Na4 Ng7
23.h3 Rac8 24.Nc5 Nf5 25.Qf2 Nxc5 26.dxc5 Ng7 27.e4 Qf8 28.Qh4 Bxg4 29.fxg4 dxe4
30.Bxe4 f5 31.gxf5 gxf5 32.Bg2 Rxe1+ 33.Qxe1 Qf6 34.Qc3 Qxc3 35.Rxc3 Ne6
36.b4 Nxf4 37.Rf3 Ne2+ 38.Kf2 Nd4 39.Rf4 Rd8 40.a4 Kg7 41.b5 axb5 42.axb5 Nxb5
43.Rxf5 Rd2+ 44.Kg3 Nd4 45.Re5 Kf6 46.Rh5 Kg6 47.Re5 Nf5+ 48.Kf4 Rxg2  0-1

[Event "Chigorin Memorial Open"]
[Site "St Petersburg RUS"]
[Date "2011.10.19"]
[Round "6.37"]
[White "Neverov,V"]
[Black "Frolochkin,V"]
[Result "1-0"]
[WhiteElo "2508"]
[BlackElo "2331"]

1.Nf3 d5 2.c4 e6 3.g3 Nd7 4.b3 Ngf6 5.Bg2 c6 6.Bb2 Be7 7.O-O O-O 8.d3 b6
9.e4 dxe4 10.dxe4 Qc7 11.e5 Ng4 12.Qe2 Bb7 13.h3 Nh6 14.Nc3 Rad8 15.Rad1 a5
16.Ne4 Nc5 17.Nxc5 Bxc5 18.g4 Kh8 19.Ng5 Be7 20.Ne4 Rxd1 21.Rxd1 c5 22.f4 Rd8
23.Rd3 Bxe4 24.Bxe4 f6 25.Qc2 fxe5 26.Bxe5 Bd6 27.Qc3 Kg8 28.Kg2 Nf7 29.Bxg7 Bxf4
30.Bf6 Rxd3 31.Qxd3 Nd6 32.Bf3 Qf7 33.Bd8 Qa7 34.Qc3 Nf7 35.Bh4 Qd7 36.Qc2 Ne5
37.Be4 h6 38.Qf2 Bg5 39.Bg3 Nc6 40.h4 Bd8 41.Kh3 Bc7 42.Qf6 Bxg3 43.Qg6+ Kf8
44.Qxh6+ Kg8 45.Kxg3 Qd6+ 46.Qf4 Ne5 47.h5 Qd4 48.h6 Nf7 49.g5 Qg1+ 50.Kh4 Qe1+
51.Kh5 Qd1+ 52.Bf3 Qd4 53.Qxd4 cxd4 54.Bg4 d3 55.g6 Nd8 56.Kg5 d2 57.Kf6 e5
58.Kxe5 Nc6+ 59.Kf6 Nd4 60.h7+ Kh8  1-0